Jeux Olympiques 1908 - Pays participants - Statistiques

Statistiques générales
  • Ce quiz a été pris 31 fois
  • Le résultat moyen est 21 sur 22
Réponses sur la Carte
Les réponses sont colorées sur une échelle allant du rouge au vert en fonction du pourcentage des utilisateurs qui les ont devinées à leur premier essai. Vous pouvez retrouver ces pourcentages ci-dessous.
 
Statistiques - réponses
Nombre d'athlètes Pays % Correct
81 Allemagne
100%
29 Australasie
100%
07 Autriche
100%
88 Canada
100%
122 Etats-Unis
100%
215 France
100%
67 Italie
100%
737 Royaume-Uni
100%
77 Belgique
96%
06 Russie
96%
172 Suède
96%
01 Suisse
96%
14 Afrique du Sud
93%
78 Danemark
93%
68 Norvège
93%
118 Pays-Bas
93%
01 Empire Ottoman
89%
20 Grèce
89%
66 Hongrie
89%
01 Argentine
86%
65 Finlande
86%
19 Bohême
61%
Aucun quiz correspondant
Distribution des résultats
% des personnes avec chaque résultat
Percentile par nombre de réponses
Votre historique - résultats
Vous n’avez pas pris ce quiz